000 00713nam0a2200241 4500
001 RU\NLR\bibl\1682928
005 20250616052153.0
021 _aRU
_b2010-60664
_93970
029 1 0 _aRU
_b10
_cИУНД N
035 _a(NLR Aleph) 001674118
090 _a1060029
_c1060029
100 _a20101007d2010 |||y0rusy50 ca
101 0 _arus
102 _aRU
105 _ay l |||||
200 1 _aИнформационный указатель нормативных документов
_e(по состоянию на 30.12.2009)
210 _aОбнинск
_cБ.и.
_d2010
215 _a21 с.
801 0 _aRU
_bNLR
_c20101007
_gRCR
801 1 _aRU
_bNLR
_c20101007
942 _cBOOK
980 _aNB